Statistiken für Harry Potter Zauberstäbe nach Bildern #2

Klicken Sie hier um das Quiz zu spielen!

Allgemein

  • Dieses Quiz wurde 142 mal gespielt
  • Das Durchschnittsergebnis liegt bei 3 aus 16

Antwortstatistiken

Antwort% Korrekt
Narzissa Malfoy
70%
Dolores Umbridge
67%
Horace Slughorn
34%
Fleur Delacour
23%
Nymphadora Tonks
22%
Cedric Diggory
21%
Neville Longbottom
19%
James Potter
17%
Arthur Weasley
14%
Cho Chang
13%
Seamus Finnigan
12%
Dean Thomas
10%
Bill Weasley
8%
Xenophilius Lovegood
7%
Mundungus Fletcher
6%
Kingsley Shacklebolt
4%

Verteilung der Resultate

Perzentil nach korrekt beantworteten Fragen

Anzahl Personen mit jedem Resultat

Ihre Resultats-Entwicklung

Sie haben dieses Quiz noch nicht gespielt